<?xml version="1.0" encoding="UTF-8"?>
<record
    xmlns:xsi="http://www.w3.org/2001/XMLSchema-instance"
    xsi:schemaLocation="http://www.loc.gov/MARC21/slim http://www.loc.gov/standards/marcxml/schema/MARC21slim.xsd"
    xmlns="http://www.loc.gov/MARC21/slim">

  <leader>01004cam a2200313   4500</leader>
  <controlfield tag="001">30432</controlfield>
  <controlfield tag="003">KVGH</controlfield>
  <controlfield tag="005">20250701154443.0</controlfield>
  <controlfield tag="008">111208s2013    ch a   f      000 0 chi d</controlfield>
  <datafield tag="020" ind1=" " ind2=" ">
    <subfield code="a">9789861579399 (&#x7CBE;&#x88DD;) :</subfield>
    <subfield code="c">NT$2,800</subfield>
  </datafield>
  <datafield tag="040" ind1=" " ind2=" ">
    <subfield code="a">VGHKS</subfield>
  </datafield>
  <datafield tag="041" ind1="1" ind2=" ">
    <subfield code="a">chi</subfield>
    <subfield code="h">eng</subfield>
  </datafield>
  <datafield tag="042" ind1=" " ind2=" ">
    <subfield code="a">nbic</subfield>
  </datafield>
  <datafield tag="084" ind1=" " ind2=" ">
    <subfield code="a">416.025</subfield>
  </datafield>
  <datafield tag="090" ind1=" " ind2=" ">
    <subfield code="a">416.025</subfield>
  </datafield>
  <datafield tag="100" ind1="1" ind2=" ">
    <subfield code="a">&#x4F50;&#x6797;&#x683C;,</subfield>
    <subfield code="c">(Zollinger, Robert M.)</subfield>
  </datafield>
  <datafield tag="245" ind1="1" ind2="0">
    <subfield code="a">Zollinger's&#x5916;&#x79D1;&#x624B;&#x8853;&#x5716;&#x8B5C; /</subfield>
    <subfield code="c">Robert M. Zollinger, E.Christopher Ellison&#x539F;&#x8457; ; &#x694A;&#x660E;&#x6770;&#x8B6F;</subfield>
  </datafield>
  <datafield tag="250" ind1=" " ind2=" ">
    <subfield code="a">&#x521D;&#x7248;</subfield>
  </datafield>
  <datafield tag="260" ind1=" " ind2=" ">
    <subfield code="a">&#x81FA;&#x5317;&#x5E02; :</subfield>
    <subfield code="b">&#x9EA5;&#x683C;&#x7F85;.&#x5E0C;&#x723E; :</subfield>
    <subfield code="b">&#x5408;&#x8A18;,</subfield>
    <subfield code="c">2013.01</subfield>
  </datafield>
  <datafield tag="300" ind1=" " ind2=" ">
    <subfield code="a">629 &#x9762; :</subfield>
    <subfield code="b">&#x5F69;&#x5716;, &#x8868;  ;</subfield>
    <subfield code="c">27 &#x516C;&#x5206;</subfield>
  </datafield>
  <datafield tag="500" ind1=" " ind2=" ">
    <subfield code="a">&#x8457;&#x8005;&#x5206;&#x5225;&#x8B6F;&#x70BA;&#x4F50;&#x6797;&#x683C;&#x3001;&#x57C3;&#x5229;&#x68EE;</subfield>
  </datafield>
  <datafield tag="500" ind1=" " ind2=" ">
    <subfield code="a">&#x8B6F;&#x81EA; : Zollinger's atlas of surgical operations, 9th.</subfield>
  </datafield>
  <datafield tag="650" ind1=" " ind2="7">
    <subfield code="a">&#x5916;&#x79D1;</subfield>
    <subfield code="2">lcstt.</subfield>
  </datafield>
  <datafield tag="650" ind1=" " ind2="7">
    <subfield code="a">&#x5716;&#x9304;</subfield>
    <subfield code="2">lcstt.</subfield>
  </datafield>
  <datafield tag="700" ind1="1" ind2=" ">
    <subfield code="a">&#x57C3;&#x5229;&#x68EE;,</subfield>
    <subfield code="c">(Ellison, E. Christopher)</subfield>
  </datafield>
  <datafield tag="700" ind1="1" ind2=" ">
    <subfield code="a">&#x694A;&#x660E;&#x6770;</subfield>
  </datafield>
  <datafield tag="740" ind1="0" ind2=" ">
    <subfield code="a">Zollinger's atlas of surgical operations, 9th.</subfield>
  </datafield>
  <datafield tag="942" ind1=" " ind2=" ">
    <subfield code="2">ccl</subfield>
    <subfield code="c">LNTERM</subfield>
  </datafield>
  <datafield tag="999" ind1=" " ind2=" ">
    <subfield code="c">7642</subfield>
    <subfield code="d">7642</subfield>
  </datafield>
  <datafield tag="952" ind1=" " ind2=" ">
    <subfield code="0">0</subfield>
    <subfield code="1">0</subfield>
    <subfield code="2">ccl</subfield>
    <subfield code="4">0</subfield>
    <subfield code="7">0</subfield>
    <subfield code="a">yeezen</subfield>
    <subfield code="b">yeezen</subfield>
    <subfield code="c">N005</subfield>
    <subfield code="d">2025-07-01</subfield>
    <subfield code="l">5</subfield>
    <subfield code="m">2</subfield>
    <subfield code="o">416.025</subfield>
    <subfield code="p">C03231</subfield>
    <subfield code="q">2026-06-30</subfield>
    <subfield code="r">2026-01-02 00:00:00</subfield>
    <subfield code="s">2026-01-02</subfield>
    <subfield code="w">2025-07-01</subfield>
    <subfield code="y">LNTERM</subfield>
  </datafield>
</record>
